00308nam a2200109 a 450000500170000000800410001702000180005805000180007624500440009426000320013844000280017020140412111423.0080124s19uu xx 00 eng d a1-56144-361-1 aERbPi65 1994 aPinocchio /cIllustrated by Ethel Gold. aItaly :bModern pub,c1994. aTreasury of fairy tales